|
|
|
|
| LEADER |
01567nam a22003613a 4500 |
| 001 |
7821 |
| 003 |
BD-DhAAL |
| 005 |
20150704143018.0 |
| 008 |
150704r20121998nyu 000 1 eng d |
| 010 |
|
|
|a 2013659017
|
| 020 |
|
|
|z 0671004549 (pbk.)
|
| 020 |
|
|
|z 9780671004545 (pbk.)
|
| 040 |
|
|
|a OEM
|c OEM
|d DLC
|d BD-DhAAL
|
| 082 |
|
|
|2 23
|a 813/.54
|
| 100 |
1 |
|
|a Clark, Mary Higgins.
|9 12855
|
| 245 |
1 |
0 |
|a You belong to me /
|c Mary Higgins Clark.
|
| 250 |
|
|
|a Pocket Books pbk. ed.
|
| 260 |
|
|
|a New York :
|b Pocket Books,
|c 2012.
|
| 300 |
|
|
|a 373 p. ;
|c 18 cm.
|
| 490 |
0 |
|
|a Pocket Books fiction
|
| 500 |
|
|
|a Originally published: New York : Simon & Schuster, 1998.
|
| 520 |
|
|
|a A beautiful and dedicated young psychoanalyst is terrified to discover that her beloved sister is determined to marry one of the doctor's former patients, a man who conceals a dangerously jealous, obsessive nature, as well as a pattern of abuse, behind his charming and wealthy facade.
|
| 541 |
|
|
|e 7821
|
| 650 |
|
0 |
|a Women
|x Crimes against
|v Fiction.
|9 12856
|
| 650 |
|
0 |
|a Serial murderers
|v Fiction.
|9 12857
|
| 650 |
|
0 |
|a Radio talk shows
|v Fiction.
|9 12858
|
| 650 |
|
0 |
|a Cruise ships
|v Fiction.
|9 12859
|
| 651 |
|
0 |
|a New York (N.Y.)
|v Fiction.
|9 7250
|
| 655 |
|
7 |
|a Mystery fiction.
|2 gsafd
|9 6244
|
| 710 |
2 |
|
|a Copyright Paperback Collection (Library of Congress)
|5 DLC
|9 12847
|
| 942 |
|
|
|2 ddc
|c BK
|
| 999 |
|
|
|c 34941
|d 34941
|
| 952 |
|
|
|0 0
|1 0
|2 ddc
|4 0
|6 813_540000000000000_CLA
|7 0
|9 54697
|a SCL
|b SCL
|c GEN
|d 2015-07-04
|e Gift
|l 8
|m 20
|o 813.54 CLA
|p 3020007821
|r 2018-11-11
|s 2018-10-23
|t 1
|w 2015-07-04
|y BK
|